| 000 | 00481nam a2200181Ia 4500 | ||
|---|---|---|---|
| 008 | 230718s9999 xx 000 0 und d | ||
| 020 | _a9788131606179 | ||
| 041 | _aeng | ||
| 082 |
_a301.054 _bNAG |
||
| 100 |
_aNagla B.K. _9203259 |
||
| 245 | _aIndian Sociological Thought | ||
| 250 | _a2nd ed. | ||
| 260 |
_c2013 _bRawat Publications |
||
| 300 | _a488 | ||
| 365 |
_cRs. _b350.00 |
||
| 700 |
_aNagla B.K. _9203259 |
||
| 906 |
_dO:0769026-Nov-2022B:11523-Nov-2022 _cGENRL _b43.75 |
||
| 999 |
_c353089 _d353089 |
||